000 00665nam a2200241Ia 4500
003 OSt
005 20220928115740.0
006 a|||||r|||| 00| 0
007 ta
008 220927b |||||||| |||| 00| 0 eng d
024 _a92179
037 _cTextual
040 _aSDCL
_cSDCL
_beng
041 _2eng
_aeng
082 _aXM8:8, P5
100 _aGaughan Patrick A
_9445895
245 0 _aMergers
_bWhat can go wrong and how to prevent it?
260 _aNew Jersey
_bJohn Wiley
_c2005
300 _axi,356p
_ccm.
650 _aMergers And Acquisition
_9434092
942 _hXM8:8, P5
_cTEXL
_2CC
999 _c760763
_d760763